Interpret zum Song #3 - Statistiken

Allgemein
  • Dieses Quiz wurde 167 mal gespielt
  • Das Durchschnittsergebnis liegt bei 8 aus 15
Antwortstatistiken
Hinweis Antwort % Korrekt
"Billie Jean", "Thriller", "Beat It" Michael Jackson
99%
"Hot N Cold", "Roar", "Firework" Katy Perry
94%
"Africa", "Hold the Line", "Rosanna" TOTO
81%
"Summertime Sadness", "Video Games", "Cinnamon Girl" Lana Del Rey
63%
"Can't Hold Us", "Thrift Shop", "These Days" Macklemore
63%
"drivers license", "good 4 u", "vampire" Olivia Rodrigo
59%
"Knockin' On Heaven's Door", "Welcome To The Jungle", "Sweet Child O' Mine" Guns N' Roses
56%
"Nur ein Wort", "Denkmal", "Von hier an blind" Wir sind Helden
56%
"Budapest", "Shotgun", "Green Green Grass" George Ezra
46%
"All The Small Things", "I Miss You", "What's My Age Again?" blink-182
45%
"tau mich auf", "wie du manchmal fehlst", "eehhhyyy" Zartmann
43%
"Oh Johnny", "Klar", "St. Pauli" Jan Delay
41%
"Bamba", "Beautiful Girl", "Ballin" Luciano
38%
"California Love", "Hit 'Em Up", "Ambitionz Az A Ridah" 2Pac
28%
"leichter//kälter", "Vertigo", "Die Sonne in deinem Zimmer" Edwin Rosen
18%
Keine übereinstimmenden Quizze gefunden
Verteilung der Resultate
Anzahl Personen mit jedem Resultat
Perzentil nach korrekt beantworteten Fragen
Ihre Resultats-Entwicklung
Sie haben dieses Quiz noch nicht gespielt